Normal view
MARC view
- الثورة العربية الكبرر- الحسين بن علي - تاريخ
Entry Topical Term
001 - CONTROL NUMBER
- control field: 20439
003 - CONTROL NUMBER IDENTIFIER
- control field: JO-AjAnu
005 - DATE AND TIME OF LATEST TRANSACTION
- control field: 20230606073545.0
008 - FIXED-LENGTH DATA ELEMENTS
- fixed length control field: 230606|| aca||aabn | a|a d
040 ## - CATALOGING SOURCE
- Original cataloging agency: JO-AjAnu
- Transcribing agency: JO-AjAnu
150 ## - HEADING--TOPICAL TERM
- Topical term or geographic name entry element: الثورة العربية الكبرر- الحسين بن علي - تاريخ
670 ## - SOURCE DATA FOUND
- Source citation: Work cat.: (JO-AjAnu)10495: الزبن، عدنان ساري، م.مشارك الجلابنه، مصطفى طلال, author 20438, الأطفال وفتيان الثورة العربية الكبرى الحسين بن علي أمير المؤمنيين وملك العرب